UBT Library

The macroeconomic environment of business : (Record no. 1049)

000 -LEADER
fixed length control field 00551nam a22001697a 4500
008 - FIXED-LENGTH DATA ELEMENTS--GENERAL INFORMATION
fixed length control field 150617b xxu||||| |||| 00| 0 eng d
020 ## - INTERNATIONAL STANDARD BOOK NUMBER
International Standard Book Number 9789814304344
041 0# - LANGUAGE CODE
Language code of text/sound track or separate title eng
080 ## - UNIVERSAL DECIMAL CLASSIFICATION NUMBER
Universal Decimal Classification number 330.101.541
100 1# - Rafti
Rafti Levi, Maurice D.,
245 14 - TITLE STATEMENT
Title The macroeconomic environment of business :
Statement of responsibility, etc Maurice D Levi, University of British Columbia, Canada.
260 ## -
-- USA:
-- World Scientific;
-- 2014.
300 ## -
-- 320 f :
-- me il.;
-- 24 cm.
505 ## -
-- Index: f.315-320
650 #0 -
-- Makroekonomia
942 ## - ADDED ENTRY ELEMENTS (KOHA)
Source of classification or shelving scheme
Item type Books
Holdings
Withdrawn status Lost status Source of classification or shelving scheme Damaged status Not for loan Collection code Permanent location Current location Shelving location Date acquired Total Checkouts Full call number Date last seen Price effective from Koha item type
          Koleksioni i përgjithshem UBT - Prishtine UBT - Prishtine Koleksioni i përgjithshem 06/17/2015   330.101.541 LEV 06/17/2015 06/17/2015 Books
UBT Library © 2015-2024. All rights reserved University Education for Business and Technology